书目信息 |
| 题名: |
环境艺术设计表现入门
|
|
| 作者: | 吴晓淇 , 梁宇 , 俞小雪 编著 | |
| 分册: | ||
| 出版信息: | 杭州 中国美术学院出版社 2005.03 |
|
| 页数: | 73页 | |
| 开本: | 26cm | |
| 丛书名: | 建筑与环境意象表现丛书 | |
| 单 册: | ||
| 中图分类: | TU-856 | |
| 科图分类: | ||
| 主题词: | 环境设计--huan jing she ji--教材 | |
| 电子资源: | ||
| ISBN: | 7-81083-369-3 | |
| 000 | 01089nam 2200289 450 | |
| 001 | 012007673185 | |
| 005 | 20070509104032.87 | |
| 010 | @a7-81083-369-3@dCNY25.00 | |
| 100 | @a20070405d2005 km y0chiy0120 ea | |
| 101 | 0 | @achi |
| 102 | @aCN@b330000 | |
| 105 | @aa z 000yy | |
| 200 | 1 | @a环境艺术设计表现入门@Ahuan jing yi shu she ji biao xian ru men@f吴晓淇 ... [等] 编著@Fwu xiao qi...[deng]bian zhu |
| 210 | @a杭州@c中国美术学院出版社@d2005.03 | |
| 215 | @a73页@c图@d26cm | |
| 225 | 2 | @a建筑与环境意象表现丛书@Ajian zhu yu huan jing yi xiang biao xian cong shu |
| 300 | @a建筑环境设计基础教材 | |
| 304 | @a其他编者还有 : 梁宇, 俞小雪, 张天臻 | |
| 330 | @a本教材共分四章,系统地介绍了环境艺术设计基本知识,包括概述、建筑类型、建筑治图与识图、表现基础、环境艺术设计表现入门内容。 | |
| 410 | 0 | @12001 @a建筑与环境意象表现丛书 |
| 606 | 0 | @a环境设计@Ahuan jing she ji@j教材 |
| 690 | @aTU-856@v4 | |
| 701 | 0 | @a吴晓淇@Awu xiao qi@4编著 |
| 701 | 0 | @a梁宇@Aliang yu@4编著 |
| 701 | 0 | @a俞小雪@Ayu xiao xue@4编著 |
| 801 | 0 | @aCN@c20070509 |
| 905 | @a10447@dTU-856@eW895 | |
| 环境艺术设计表现入门/吴晓淇 ... [等] 编著.-杭州:中国美术学院出版社,2005.03 |
| 73页:图;26cm.-(建筑与环境意象表现丛书) |
| 建筑环境设计基础教材 |
| ISBN 7-81083-369-3:CNY25.00 |
| 本教材共分四章,系统地介绍了环境艺术设计基本知识,包括概述、建筑类型、建筑治图与识图、表现基础、环境艺术设计表现入门内容。 |
| ● |
| 相关链接 |
|
|
|
正题名:环境艺术设计表现入门
索取号:TU-856/W895
 
预约/预借
| 序号 | 登录号 | 条形码 | 馆藏地/架位号 | 状态 | 备注 |
| 1 | 239722 | 202397227 | 建筑库101/101建筑库 18排4列4层/ [索取号:TU-856/W895] | 在馆 | |
| 2 | 239723 | 202397236 | 建筑库101/101建筑库 18排4列4层/ [索取号:TU-856/W895] | 在馆 | |
| 3 | 239724 | 202397245 | 建筑库101/101建筑库 18排4列4层/ [索取号:TU-856/W895] | 在馆 |